Measuring the Economic Sustainability of Italian Farms Using FADN Data
Aplikácia miery ekonomickej udržateľnosti na talianske rodinné farmy pomocou údajov z Informačnej siete poľnohospodárskeho účtovníctva (FADN - Farm Accountancy Data Network). Návrh opatrení pre ekonomickú udržateľnosť rodinných fariem v Taliansku. Index ekonomickej udržateľnosti.
Gespeichert in:
| 1. Verfasser: | |
|---|---|
| Weitere Verfasser: | , , |
| Format: | Buchkapitel |
| Sprache: | Englisch |
| Schlagworte: | |
| Tags: |
Keine Tags, Fügen Sie das erste Tag hinzu!
|
MARC
| LEADER | 00000naa a2200000 4500 | ||
|---|---|---|---|
| 001 | 0288896 | ||
| 005 | 20221121093624.9 | ||
| 041 | 0 | |a eng | |
| 044 | |a CZ | ||
| 245 | 1 | 0 | |a Measuring the Economic Sustainability of Italian Farms Using FADN Data |c Adele Coppola, Mario Amato, Domenico Vistocco, Fabio Verneau |
| 520 | |a Aplikácia miery ekonomickej udržateľnosti na talianske rodinné farmy pomocou údajov z Informačnej siete poľnohospodárskeho účtovníctva (FADN - Farm Accountancy Data Network). Návrh opatrení pre ekonomickú udržateľnosť rodinných fariem v Taliansku. Index ekonomickej udržateľnosti. | ||
| 610 | 2 | 0 | |a farmy rodinné |
| 610 | 2 | 0 | |a podnik poľnohospodársky |
| 610 | 2 | 0 | |a udržateľnosť |
| 610 | 2 | 0 | |a efektívnosť |
| 610 | 2 | 0 | |a ukazovatele štatistické |
| 610 | 2 | 0 | |a účtovníctvo |
| 610 | 2 | 0 | |a indexy |
| 610 | 2 | 0 | |a Taliansko |
| 100 | 1 | |a Coppola, Adele | |
| 700 | 1 | |a Amato, Mario | |
| 700 | 1 | |a Vistocco, Domenico | |
| 700 | 1 | |a Verneau, Fabio | |